Les grands événements de 1982 - Statistiques

Statistiques générales
  • Ce quiz a été pris 5 fois
  • Le résultat moyen est 4 sur 15
Statistiques - réponses
Hint Extra Hint Réponse % Correct
Début de la guerre des Malouines Argentine / Royaume-Uni 2 avril
60%
Mort de Louis Aragon France 24 décembre
40%
Mort de Romy Schneider Autriche / France 29 mai
40%
Attentat de la rue des Rosiers Paris 9 août
40%
Iouri Andropov succède à Leonid Brejnev URSS 10 novembre
20%
Fahd devient roi d'Arabie saoudite Arabie Saoudite 13 juin
20%
Fin de la guerre des Malouines Argentine / Royaume-Uni 14 juin
20%
Mort de Grace Kelly Monaco / Etats-Unis 14 septembre
20%
Attentat dans le train Paris-Toulouse - 5 morts France 29 mars
20%
Sortie de l'album Thriller de M. Jackson Etats-unis 30 novembre
20%
Catastrophe routière de Beaune - 53 morts France 31 juillet
20%
La Chine change de constitution Chine 4 décembre
20%
Mort de Jacques Tati France 4 novembre
20%
Le Canada devient totalement indépendant du Royaume-Uni Canada 17 avril
0%
Massacres de Sabra et Chatila Liban 17 septembre
0%
Aucun quiz correspondant
Distribution des résultats
% des personnes avec chaque résultat
Percentile par nombre de réponses
Votre historique - résultats
Vous n’avez pas pris ce quiz